|
|
|
|
| LEADER |
01551nam a2200349 a 4500 |
| 001 |
0016971 |
| 003 |
BD-DhAAL |
| 008 |
091121s2007 maua b 001 0 eng d |
| 010 |
|
|
|a \\2005058075
|
| 020 |
|
|
|a 007352302X (alk. paper)
|
| 020 |
|
|
|a 9780073523026
|
| 020 |
|
|
|a 0070667098
|
| 020 |
|
|
|a 9780070667099
|
| 040 |
|
|
|a DLC
|c DLC
|d BAKER
|d C#P
|d DLC
|d BD-DhAAL
|
| 082 |
0 |
0 |
|a 337
|2 22
|
| 100 |
1 |
|
|a Pugel, Thomas A.
|9 58433
|
| 245 |
1 |
0 |
|a International economics /
|c Thomas A. Pugel.
|
| 250 |
|
|
|a Thirteenth edition.
|
| 260 |
|
|
|a Boston :
|b McGraw-Hill Irwin,
|c c2007.
|
| 300 |
|
|
|a xxii, 730 p. :
|b ill. ;
|c 24 cm
|
| 500 |
|
|
|a Various multi-media instructional resources are available to supplement the text.
|
| 504 |
|
|
|a Includes bibliographical references (p. 707-717) and index.
|
| 526 |
|
|
|a ESS
|x Theophil Nokrek, DCO, Department of ESS
|
| 541 |
1 |
|
|e 00018524
|a McGraw-Hill Education (India) Pvt. Ltd.
|
| 650 |
|
0 |
|a International economic relations.
|
| 650 |
|
0 |
|a Commercial policy.
|
| 650 |
|
0 |
|a Foreign exchange.
|
| 852 |
4 |
|
|a Ayesha Abed Library
|c General Stacks
|
| 942 |
|
|
|2 ddc
|c BK
|
| 999 |
|
|
|c 7456
|d 7456
|
| 952 |
|
|
|0 0
|1 0
|2 ddc
|4 0
|6 337_PUG_200700000000000
|7 0
|9 8001
|a BRACUL
|b BRACUL
|c GEN
|d 2010-02-10
|l 4
|m 37
|o 337 PUG
|p 3010018524
|r 2019-05-12
|s 2018-12-19
|t 2
|w 2010-02-10
|y BK
|
| 952 |
|
|
|0 0
|1 0
|2 ddc
|4 0
|6 337_PUG_200700000000000
|7 0
|9 8002
|a BRACUL
|b BRACUL
|c GEN
|d 2010-02-10
|e McGraw-Hill Education (India) Pvt. Ltd.
|l 1
|o 337 PUG
|p 3010016971
|r 2017-03-08
|s 2017-03-08
|t 1
|w 2010-02-10
|y BK
|x Requisitioned by Theophil Nokrek, DCO, Department of ESS ; Rs 355.50
|